000
00296nam a2200133Ia 4500
005
20251222155102.0
008
251222s9999||||xx |||||||||||||| ||spa||
082
_a
FIL. 07.3
100
_a
PLATON,
245
0
_a
El Banquete Fedón Fedro
250
_a
1ra. ed.
264
_b
Orbis
942
_c
LIB
999
_c
37693
_d
37693